<?xml version="1.0" encoding="UTF-8"?>
<collection xmlns="http://www.loc.gov/MARC21/slim">
<record>
  <controlfield tag="001">146895</controlfield>
  <controlfield tag="005">20241129141114.0</controlfield>
  <datafield tag="024" ind1="8" ind2=" ">
    <subfield code="2">sideral</subfield>
    <subfield code="a">92942</subfield>
  </datafield>
  <datafield tag="037" ind1=" " ind2=" ">
    <subfield code="a">ART-2015-92942</subfield>
  </datafield>
  <datafield tag="041" ind1=" " ind2=" ">
    <subfield code="a">spa</subfield>
  </datafield>
  <datafield tag="100" ind1=" " ind2=" ">
    <subfield code="a">Sáenz Royo, C.</subfield>
    <subfield code="0">(orcid)0000-0001-7914-2623</subfield>
  </datafield>
  <datafield tag="245" ind1=" " ind2=" ">
    <subfield code="a">La corresponsabilidad fiscal en Estados federales: una comparativa del sistema español frente al alemán y al estadounidense</subfield>
  </datafield>
  <datafield tag="260" ind1=" " ind2=" ">
    <subfield code="c">2015</subfield>
  </datafield>
  <datafield tag="520" ind1="3" ind2=" ">
    <subfield code="a">Uno de los cimientos del federalismo fiscal es el principio de la responsabilidad tributaria. Tal y como se ha demostrado en la práctica federal, este principio asegura comportamientos fiscalmente responsables tanto de la federación como, sobre todo, de los entes subestatales. El presente estudio analiza la responsabilidad fiscal del sistema autonómico español en comparación con la responsabilidad fiscal en otros modelos federales como EE.UU. y Alemania. La comparación entre modelos federales tiene como objetivo la detección de posibles deficiencias en los diferentes modelos y la propuesta de posibles mejoras en la corresponsabilidad fiscal que pudieran corregir determinados comportamientos fiscales de los entes subestatales.

One of the foundations of fiscal federalism, is the principle of the fiscal responsibility. As demonstrated in federal practice, this principle promotes fiscally responsible behavior of both federation and, above all, states. This study analyzes the fiscal responsibility of Spanish autonomies compared to fiscal responsibility of states in other models such as the U.S. and Germany federal system. The federal model comparison aims to detect possible deficiencies in models and to propose improvements in the fiscal responsibility that could correct certain fiscal behavior of the states.</subfield>
  </datafield>
  <datafield tag="506" ind1="0" ind2=" ">
    <subfield code="a">Access copy available to the general public</subfield>
    <subfield code="f">Unrestricted</subfield>
  </datafield>
  <datafield tag="540" ind1=" " ind2=" ">
    <subfield code="9">info:eu-repo/semantics/openAccess</subfield>
    <subfield code="a">by-nc</subfield>
    <subfield code="u">http://creativecommons.org/licenses/by-nc/3.0/es/</subfield>
  </datafield>
  <datafield tag="590" ind1=" " ind2=" ">
    <subfield code="a">0.111</subfield>
    <subfield code="b">2015</subfield>
  </datafield>
  <datafield tag="591" ind1=" " ind2=" ">
    <subfield code="a">PUBLIC ADMINISTRATION</subfield>
    <subfield code="b">45 / 47 = 0.957</subfield>
    <subfield code="c">2015</subfield>
    <subfield code="d">Q4</subfield>
    <subfield code="e">T3</subfield>
  </datafield>
  <datafield tag="591" ind1=" " ind2=" ">
    <subfield code="a">POLITICAL SCIENCE</subfield>
    <subfield code="b">155 / 161 = 0.963</subfield>
    <subfield code="c">2015</subfield>
    <subfield code="d">Q4</subfield>
    <subfield code="e">T3</subfield>
  </datafield>
  <datafield tag="592" ind1=" " ind2=" ">
    <subfield code="a">0.147</subfield>
    <subfield code="b">2015</subfield>
  </datafield>
  <datafield tag="593" ind1=" " ind2=" ">
    <subfield code="a">Sociology and Political Science</subfield>
    <subfield code="c">2015</subfield>
    <subfield code="d">Q3</subfield>
  </datafield>
  <datafield tag="593" ind1=" " ind2=" ">
    <subfield code="a">Public Administration</subfield>
    <subfield code="c">2015</subfield>
    <subfield code="d">Q4</subfield>
  </datafield>
  <datafield tag="655" ind1=" " ind2="4">
    <subfield code="a">info:eu-repo/semantics/article</subfield>
    <subfield code="v">info:eu-repo/semantics/acceptedVersion</subfield>
  </datafield>
  <datafield tag="700" ind1=" " ind2=" ">
    <subfield code="a">Sáenz Royo, E.</subfield>
    <subfield code="u">Universidad de Zaragoza</subfield>
    <subfield code="0">(orcid)0000-0002-5502-3870</subfield>
  </datafield>
  <datafield tag="710" ind1="2" ind2=" ">
    <subfield code="1">4005</subfield>
    <subfield code="2">135</subfield>
    <subfield code="a">Universidad de Zaragoza</subfield>
    <subfield code="b">Dpto. Derecho Público</subfield>
    <subfield code="c">Área Derecho Constitucional</subfield>
  </datafield>
  <datafield tag="773" ind1=" " ind2=" ">
    <subfield code="g">62 (2015), 135-164</subfield>
    <subfield code="p">Reforma democr.</subfield>
    <subfield code="t">Reforma y democracia</subfield>
    <subfield code="x">1315-2378</subfield>
  </datafield>
  <datafield tag="856" ind1="4" ind2="1">
    <subfield code="u">http://www.redalyc.org/pdf/3575/357539626005.pdf</subfield>
    <subfield code="z">Texto completo de la revista</subfield>
  </datafield>
  <datafield tag="856" ind1="4" ind2=" ">
    <subfield code="s">762626</subfield>
    <subfield code="u">http://zaguan.unizar.es/record/146895/files/texto_completo.pdf</subfield>
    <subfield code="y">Postprint</subfield>
  </datafield>
  <datafield tag="856" ind1="4" ind2=" ">
    <subfield code="s">562729</subfield>
    <subfield code="u">http://zaguan.unizar.es/record/146895/files/texto_completo.jpg?subformat=icon</subfield>
    <subfield code="x">icon</subfield>
    <subfield code="y">Postprint</subfield>
  </datafield>
  <datafield tag="909" ind1="C" ind2="O">
    <subfield code="o">oai:zaguan.unizar.es:146895</subfield>
    <subfield code="p">articulos</subfield>
    <subfield code="p">driver</subfield>
  </datafield>
  <datafield tag="951" ind1=" " ind2=" ">
    <subfield code="a">2024-11-29-13:23:56</subfield>
  </datafield>
  <datafield tag="980" ind1=" " ind2=" ">
    <subfield code="a">ARTICLE</subfield>
  </datafield>
</record>
</collection>